|
|
|
|
| LEADER |
00000nam a22000007a 4500 |
| 005 |
20211213235525.0 |
| 007 |
cr|||| |||| |
| 008 |
211213s2020 br |||||s|||| 00||0 por d |
| 020 |
|
|
|a 978-65-5515-023-0
|
| 035 |
|
|
|a 35465
|
| 040 |
|
|
|a vLex
|
| 090 |
|
|
|c 12707
|d 12707
|
| 100 |
1 |
|
|a Dadalto, Luciana
|
| 245 |
1 |
0 |
|a Direito e medicina
|h [Recurso electrn̤ico] :
|b A morte digna nos tribunais /
|c Luciana Dadalto, Maria de Ft̀ima Freire de S̀
|
| 256 |
|
|
|a Servicio en ln̕ea
|
| 260 |
|
|
|a Indaiatuba:
|b Editora Foco,
|c 2020
|
| 300 |
|
|
|a 1 recurso electrn̤ico
|
| 500 |
|
|
|a Paulo Freire dizia que “Ensinar nô ̌transferir conhecimento, mas criar as possibilidades para a sua prp̤ria produȯ̂ ou a sua construȯ̂”. O livro que ora apresentamos ̌fruto de uma relaȯ̂ que nasceu como professora-aluna e se transformou em uma relaȯ̂ de amizade, pautada na produȯ̂ e na construȯ̂ de discusse̳s sobre o chamado direito ̉morte digna. Nos idos de 2004, nos encontramos em sala de aula. Anos se passaram e, em 2017, nos reencontramos no amor ̉pesquisa e s̉ pungentes discusse̳s sobre fim de vida. Numa conversa sobre casos paradigmt̀icos e casos atuais envolvendo morte digna, surgiu a ideia do livro que ora apresentamos. “Direito e Medicina: estudos transdisciplinares sobre a morte digna nos tribunais” foi concebido a quatro môs e construd̕o por inm︢eras outras. Cada um dos artigos que compe̳ essa obra foi escrito conjuntamente por profissionais da sad︢e e do Direito, de diferentes partes do Brasil que, em um exercc̕io de troca de saberes, comentaram decise̳s judiciais e ordenamentos jurd̕icos estrangeiros a fim de apresentar ao leitor perspectivas pouco conhecidas em nosso pas̕ acerca das discusse̳s sobre o fim da vida. Nosso objetivo, ao organizar esse livro, foi promover o dil̀ogo entre Direito e a Medicina na construȯ̂ de propostas interpretativas acerca dos diferentes institutos que envolvem o chamado direito de morrer dignamente, pautado em um rigoroso arcabouȯ cientf̕ico. Assim, em cada um dos textos, autonomia do paciente, eutans̀ia, suicd̕io assistido, ortotans̀ia e outros temas caros aos estudos sobre o fim de vida sô apresentados e discutidos a partir de ordenamentos jurd̕icos estrangeiros. Esse rico material, escrito por tantos autores renomados, tem o condô de fomentar, em nosso pas̕, discusse̳s mais profundas sobre o exercc̕io desse direito.
|
| 506 |
1 |
|
|a Disponible solo en los productos indicados
|d vLex Global
|d vLex Global (Academic Edition, excluding Law Schools)
|d vLex Global (U.S. Academic Edition, Law Schools)
|d vLex Global (U.S. Academic Edition, excluding Law Schools)
|d vLex Global (Academic Edition, Law Schools)
|
| 650 |
0 |
4 |
|a Derecho Civil
|z Brasil
|
| 650 |
0 |
4 |
|a Medicina
|z Brasil
|
| 700 |
1 |
|
|a Freire de S,̀ Maria de Ft̀ima
|
| 740 |
0 |
|
|a vLex Libros (Servicio en ln̕ea)
|
| 856 |
4 |
0 |
|u https://app.vlex.com/#/sources/35465
|z Acceso restringido
|
| 942 |
|
|
|c BOOK
|
| 999 |
0 |
|
|a Civil Law
|
| 999 |
0 |
|
|a Medicine
|